El Arca de Noé / (Registro nro. 11729)

Detalles MARC
000 -LIDER
fixed length control field 00875nam a22002777a 4500
001 - NÚMERO DE CONTROL
Identificador de número de control 000620
003 - IDENTIFICACDOR DE NÚMERO DE CONTROL
control field DO-SdBNP
005 - DATE AND TIME OF LATEST TRANSACTION
control field 20230713124803.0
007 - CAMPOS FIJOS DE DESCRIPCIÓN FÍSICA
fixed length control field 000620
008 - ELEMENTOS DE LONGITUD FIJA
fixed length control field 161031b1980 mx ||||| |||| 00| 0 spa d
020 ## - ISBN
International Standard Book Number 9681503570
040 ## - FUENTE DE CATALOGACIÓN
Agencia que crea de manera original el registro BPMSU
Idioma de catalogación spa
Agencia que realiza la transcripción BPMSU
082 #4 - NÚMERO DE CLASIFICACIÓN DECIMAL DE DEWEY
Classification number 808.8
Item number A668N 1980
Edition number 22
245 10 - MENCIÓN DE TITULO
Título El Arca de Noé /
Mención de responsabilidad [selección de Emilio Carballido ; Myra Gann ... [et al.].
246 14 - VARIACION DEL TÍTULO
Título propiamente dicho o título corto El arca de Noé :
Subtítulo Antología de teatro infantil.
250 ## - MENCIÓN DE EDICION
Mención de edición 3a ed.
260 ## - PUBLICACIÓN, DISTRIBUCIÓN, ETC. (PIE DE IMPRENTA)
Lugar de publicación, distribución, etc México :
Nombre del editor, distribuidor, etc. Editores Mexicanos Unidos,
Fecha de publicación, distribución, etc 1980.
300 ## - DESCRIPCIÓN FÍSICA
Extensión 295 p. :
Otros detalles físicos il. ;
Dimensiones 18 cm.
490 0# - MENCIÓN DE SERIES
Mención de serie Literaria Universal.
590 ## - NOTA LOCAL
Enlace Inventariado, 2023/VM
650 #4 - ENCABEZAMIENTO DE MATERIA--TEMÁTICO
Término temático o nombre geográfico como elemento de entrada Antología de teatro infantil
Fuente del encabezamiento o término .
Mención de responsabilidad
700 1# - ASIENTO SECUNDARIO -- NOMBRE PERSONAL
Nombre personal Carballido, Emilio
Materiales especificados comp.
Fechas asociadas con el nombre 1925
830 #0 - ASIENTO SECUNDARIO DE SERIE--TÍTULO UNIFORME
Título uniforme Literaria Universal.
910 ## - VALIDACIÓN
Validación VMateo V. Control de calidad (BPMSU)
942 ## - ADDED ENTRY ELEMENTS (KOHA)
Source of classification or shelving scheme Dewey Decimal Classification
Koha item type Libros
Existencias
Withdrawn status Lost status Source of classification or shelving scheme Damaged status Not for loan Collection code Home library Current library Date acquired Source of acquisition Total Checkouts Full call number Barcode Date last seen Price effective from Koha item type
    Dewey Decimal Classification     Colección Juvenil General Biblioteca Pública Metropolitana Salomé Ureña Biblioteca Pública Metropolitana Salomé Ureña 10/31/2016   BPMSU CGI 808.8 A668N 1980 BPMSU16100441 10/31/2016 10/31/2016 Libros